[Event "Montreal int."]
[Site "Montreal CAN"]
[Date "2000.08.03"]
[Round "1"]
[White "Goldenberg, Danny"]
[Black "Tyomkin, Dimitri"]
[Result "1/2-1/2"]
[WhiteElo "2310"]
[BlackElo "2522"]
[PlyCount "52"]
[GameId "2160767911652859"]
[EventDate "2000.08.03"]
[EventType "tourn"]
[EventRounds "11"]
[EventCountry "CAN"]
[EventCategory "9"]
[SourceTitle "CBM 079"]
[Source "ChessBase"]
[SourceDate "2000.11.21"]
[SourceVersion "1"]
[SourceVersionDate "2000.11.21"]
[SourceQuality "1"]

1. e4 c5 2. Ne2 e6 3. d4 cxd4 4. Nxd4 a6 5. c4 Nf6 6. Bd3 Nc6 7. Nxc6 dxc6 8. O-O e5 9. h3 Bc5 10. Qe2 Qe7 11. Nc3 Nd7 12. Kh1 O-O 13. Qc2 Re8 14. Ne2 Nf8 15. f4 exf4 16. Bxf4 Ng6 17. e5 Qh4 18. Bg3 Qh6 19. Rae1 Nxe5 20. Ng1 f6 21. Re4 Bxg1 22. Kxg1 Bd7 23. Bxe5 Rxe5 24. Rxe5 fxe5 25. Bf5 Bxf5 26. Qxf5 Qg6 1/2-1/2

[Event "Montreal int."]
[Site "Montreal CAN"]
[Date "2000.08.03"]
[Round "1"]
[White "Kogan, Artur"]
[Black "Smagin, Sergey"]
[Result "1/2-1/2"]
[WhiteElo "2504"]
[BlackElo "2605"]
[PlyCount "22"]
[GameId "2160767911652860"]
[EventDate "2000.08.03"]
[EventType "tourn"]
[EventRounds "11"]
[EventCountry "CAN"]
[EventCategory "9"]
[SourceTitle "CBM 079"]
[Source "ChessBase"]
[SourceDate "2000.11.21"]
[SourceVersion "1"]
[SourceVersionDate "2000.11.21"]
[SourceQuality "1"]

1. e4 e5 2. Nf3 Nc6 3. Bc4 Nf6 4. d3 Be7 5. O-O O-O 6. Re1 d6 7. a4 h6 8. a5 a6 9. c3 Nh7 10. Nbd2 Kh8 11. d4 Ng5 1/2-1/2

[Event "Montreal int."]
[Site "Montreal CAN"]
[Date "2000.08.03"]
[Round "1"]
[White "Lazarev, Vladimir"]
[Black "Miladinovic, Igor"]
[Result "1-0"]
[WhiteElo "2478"]
[BlackElo "2563"]
[PlyCount "77"]
[GameId "2160767911652861"]
[EventDate "2000.08.03"]
[EventType "tourn"]
[EventRounds "11"]
[EventCountry "CAN"]
[EventCategory "9"]
[SourceTitle "CBM 079"]
[Source "ChessBase"]
[SourceDate "2000.11.21"]
[SourceVersion "1"]
[SourceVersionDate "2000.11.21"]
[SourceQuality "1"]

1. d4 Nf6 2. c4 c5 3. d5 e5 4. Nc3 d6 5. e4 Be7 6. Bd3 Nbd7 7. Nf3 Nf8 8. h3 Ng6 9. g3 Bd7 10. Bd2 a6 11. Qe2 Qc8 12. h4 Bg4 13. Qe3 Rb8 14. a4 Bd8 15. Ng1 h5 16. f3 Bd7 17. a5 b6 18. axb6 Rxb6 19. Ra2 Ng8 20. Nge2 Nh6 21. Nd1 f5 22. exf5 Bxf5 23. Ba5 Rb7 24. Bxd8 Qxd8 25. Rxa6 O-O 26. Bxf5 Rxf5 27. Nec3 Rb3 28. Qe2 Rf6 29. Ne3 Nf5 30. Nxf5 Rxf5 31. Qc2 Rxc3 32. Qxc3 Qf8 33. O-O Qf6 34. Qe1 Rxf3 35. Rxf3 Qxf3 36. Rxd6 Ne7 37. Qxe5 Qd1+ 38. Kh2 Qc2+ 39. Kh3 1-0

[Event "Montreal int."]
[Site "Montreal CAN"]
[Date "2000.08.04"]
[Round "2"]
[White "Lazarev, Vladimir"]
[Black "Goldenberg, Danny"]
[Result "1-0"]
[WhiteElo "2478"]
[BlackElo "2310"]
[PlyCount "113"]
[GameId "2160767911652864"]
[EventDate "2000.08.03"]
[EventType "tourn"]
[EventRounds "11"]
[EventCountry "CAN"]
[EventCategory "9"]
[SourceTitle "CBM 079"]
[Source "ChessBase"]
[SourceDate "2000.11.21"]
[SourceVersion "1"]
[SourceVersionDate "2000.11.21"]
[SourceQuality "1"]

1. d4 g6 2. c4 Bg7 3. e4 d6 4. Nc3 Nf6 5. h3 O-O 6. Bg5 Qe8 7. Bd3 e5 8. d5 a5 9. g4 Na6 10. Nge2 Nd7 11. Ng3 Ndc5 12. Be2 Bd7 13. Rg1 a4 14. Nf5 f6 15. Nxg7 Kxg7 16. Be3 g5 17. h4 h6 18. f3 Qe7 19. Qd2 Rh8 20. Kf2 b6 21. Rg2 Rh7 22. Rh1 Rah8 23. Rgh2 Kg6 24. h5+ Kf7 25. Rb1 Ra8 26. b4 axb3 27. axb3 Nb4 28. Rb2 Ra1 29. Nb1 Nca6 30. Rh1 Rh8 31. Rd1 Rb8 32. Nc3 Rxd1 33. Qxd1 Nc5 34. Kg3 f5 35. gxf5 Kf6 36. Bf1 Be8 37. Rh2 Ra8 38. Nb5 Qd8 39. Qd2 Ra1 40. Be2 Nca6 41. Nc3 Kg7 42. Qb2 Ra5 43. Bd2 Qa8 44. Qc1 Qd8 45. Nd1 Ra2 46. Ne3 Bf7 47. Ng4 Rc2 48. Qe1 c5 49. dxc6 Nxc6 50. Bd1 Rb2 51. Bxg5 Qxg5 52. Rxb2 Nd4 53. Qe3 Bxh5 54. Qxg5+ hxg5 55. Ra2 Nb4 56. Ra7+ Kf8 57. Nf6 1-0

[Event "Montreal int."]
[Site "Montreal CAN"]
[Date "2000.08.05"]
[Round "3"]
[White "Goldenberg, Danny"]
[Black "Miladinovic, Igor"]
[Result "0-1"]
[WhiteElo "2310"]
[BlackElo "2563"]
[PlyCount "112"]
[GameId "2160767911652871"]
[EventDate "2000.08.03"]
[EventType "tourn"]
[EventRounds "11"]
[EventCountry "CAN"]
[EventCategory "9"]
[SourceTitle "CBM 079"]
[Source "ChessBase"]
[SourceDate "2000.11.21"]
[SourceVersion "1"]
[SourceVersionDate "2000.11.21"]
[SourceQuality "1"]

1. e4 c5 2. Nf3 Nc6 3. d4 cxd4 4. Nxd4 Qc7 5. Nc3 e6 6. Be3 a6 7. Bd3 Nf6 8. O-O h5 9. h3 b5 10. Nxc6 Qxc6 11. a3 Bb7 12. Re1 h4 13. Qf3 Be7 14. Bg5 Qc5 15. Be3 Qc6 16. Bg5 Rc8 17. Rad1 Qc5 18. Be3 Qe5 19. Bf4 Qh5 20. Qe3 Qc5 21. Qf3 Nh5 22. Be3 Qe5 23. Bf1 Bd6 24. Rxd6 Qxd6 25. Qg4 Qe7 26. e5 f5 27. Qg6+ Qf7 28. Qg5 Qe7 29. Qg6+ Qf7 30. Qg5 Kf8 31. Qxh4 Kg8 32. Qd4 Bc6 33. Ne2 Rf8 34. f4 g5 35. Kh2 g4 36. g3 gxh3 37. Bf2 Rc8 38. Ng1 Ng7 39. Qa7 Bg2 40. Bd3 Ra8 41. Qb6 Qe8 42. Qd6 Qc8 43. c3 Qc6 44. Qd4 Kf7 45. Rc1 Bd5 46. Be2 Bh1 47. Bf1 Rad8 48. c4 Bd5 49. c5 Bg2 50. Be2 Bh1 51. Bf1 Ne8 52. Rc3 Nc7 53. Qd1 Nd5 54. Rd3 Rdg8 55. Kxh1 Nxf4+ 56. Kh2 Qg2+ 0-1

[Event "Montreal int."]
[Site "Montreal CAN"]
[Date "2000.08.09"]
[Round "6"]
[White "Lazarev, Vladimir"]
[Black "Kogan, Artur"]
[Result "0-1"]
[WhiteElo "2478"]
[BlackElo "2504"]
[PlyCount "82"]
[GameId "2160767911652889"]
[EventDate "2000.08.03"]
[EventType "tourn"]
[EventRounds "11"]
[EventCountry "CAN"]
[EventCategory "9"]
[SourceTitle "CBM 079"]
[Source "ChessBase"]
[SourceDate "2000.11.21"]
[SourceVersion "1"]
[SourceVersionDate "2000.11.21"]
[SourceQuality "1"]

1. d4 Nf6 2. c4 c5 3. d5 e5 4. Nc3 d6 5. e4 Nbd7 6. Bd3 Be7 7. Nf3 Nf8 8. a3 Ng6 9. g3 h6 10. h4 Bg4 11. Be2 Qc8 12. Nh2 Bd7 13. Nf1 Bd8 14. Qd3 Ba5 15. Bd2 a6 16. f4 h5 17. f5 Ne7 18. Ne3 g6 19. fxg6 fxg6 20. O-O-O b5 21. Rdf1 Neg8 22. Rf2 Rb8 23. Rhf1 Bd8 24. Na2 Rh7 25. Nd1 Bh3 26. Rh1 Rhb7 27. Rfh2 Bd7 28. Rf2 bxc4 29. Qc2 Be7 30. Bc3 Bf8 31. Rhf1 Qd8 32. Bd2 Bh3 33. Rh1 Bg4 34. Bxc4 Bxd1 35. Rxd1 Rxb2 36. Qd3 Bh6 37. Re2 Qb6 38. Bxh6 Rxe2 39. Qxe2 Qb1+ 40. Kd2 Rb2+ 41. Kc3 Nxe4+ 0-1

[Event "Montreal int."]
[Site "Montreal CAN"]
[Date "2000.08.09"]
[Round "6"]
[White "Tyomkin, Dimitri"]
[Black "Smagin, Sergey"]
[Result "1/2-1/2"]
[WhiteElo "2522"]
[BlackElo "2605"]
[PlyCount "99"]
[GameId "2160767911652892"]
[EventDate "2000.08.03"]
[EventType "tourn"]
[EventRounds "11"]
[EventCountry "CAN"]
[EventCategory "9"]
[SourceTitle "CBM 079"]
[Source "ChessBase"]
[SourceDate "2000.11.21"]
[SourceVersion "1"]
[SourceVersionDate "2000.11.21"]
[SourceQuality "1"]

1. d4 e6 2. c4 Nf6 3. Nf3 d5 4. Nc3 Nbd7 5. cxd5 exd5 6. Bf4 c6 7. h3 Be7 8. Qc2 O-O 9. e3 Re8 10. Bd3 Nf8 11. O-O-O b5 12. Kb1 Bb7 13. g4 a6 14. Rhg1 N6d7 15. g5 c5 16. dxc5 Nxc5 17. Nd4 g6 18. h4 Rc8 19. Qd2 Nxd3 20. Qxd3 b4 21. Nce2 Nd7 22. Nb3 Rc4 23. Rc1 a5 24. Rxc4 dxc4 25. Qxc4 a4 26. Nbc1 Nc5 27. Ng3 b3 28. Qd4 Qc8 29. Qc3 Qd7 30. Be5 bxa2+ 31. Nxa2 Qd3+ 32. Qxd3 Nxd3 33. Bd4 Nxf2 34. Nc3 Bc6 35. Rf1 Nd3 36. Nge4 Rb8 37. Nf6+ Bxf6 38. Rxf6 Bd7 39. Rb6 Rxb6 40. Bxb6 Ne5 41. Bc7 Nf3 42. Bg3 f6 43. gxf6 Kf7 44. e4 Kxf6 45. Nd5+ Ke6 46. Kc2 Bc6 47. Nc3 g5 48. hxg5 Nxg5 49. Kd3 h6 50. Ke3 1/2-1/2

[Event "Montreal int."]
[Site "Montreal CAN"]
[Date "2000.08.10"]
[Round "7"]
[White "Kogan, Artur"]
[Black "Goldenberg, Danny"]
[Result "1/2-1/2"]
[WhiteElo "2504"]
[BlackElo "2310"]
[PlyCount "106"]
[GameId "2160767911652895"]
[EventDate "2000.08.03"]
[EventType "tourn"]
[EventRounds "11"]
[EventCountry "CAN"]
[EventCategory "9"]
[SourceTitle "CBM 079"]
[Source "ChessBase"]
[SourceDate "2000.11.21"]
[SourceVersion "1"]
[SourceVersionDate "2000.11.21"]
[SourceQuality "1"]

1. Nf3 c5 2. g3 g6 3. Bg2 Bg7 4. O-O Nc6 5. d3 e6 6. e4 Nge7 7. Re1 d6 8. c3 O-O 9. d4 e5 10. dxc5 dxc5 11. Be3 b6 12. Qc1 Be6 13. Na3 f6 14. Rd1 Qb8 15. Nh4 a6 16. f4 Qc7 17. b4 Rad8 18. bxc5 b5 19. Nc2 Rxd1+ 20. Qxd1 Rd8 21. Qe1 Qa5 22. Nb4 Qa3 23. Nf3 Nxb4 24. cxb4 Nc6 25. fxe5 fxe5 26. Bd2 Bg4 27. Nh4 Nd4 28. Bg5 Rc8 29. Qd2 a5 30. bxa5 Rxc5 31. Be7 Qc3 32. Qxc3 Rxc3 33. a4 Rc7 34. Bd6 Rd7 35. axb5 Rxd6 36. b6 Bc8 37. Rb1 Nc6 38. b7 Bxb7 39. Rxb7 Nxa5 40. Rc7 Rc6 41. Ra7 Nb3 42. Nf3 Nd4 43. Ra8+ Kf7 44. Ng5+ Ke7 45. Ra7+ Kf8 46. Nxh7+ Kg8 47. Ng5 Bh6 48. Ra8+ Kg7 49. Ra7+ Kg8 50. h4 Bxg5 51. hxg5 Ne6 52. Ra5 Rc5 53. Rxc5 Nxc5 1/2-1/2

[Event "Montreal int."]
[Site "Montreal CAN"]
[Date "2000.08.10"]
[Round "7"]
[White "Rozentalis, Eduardas"]
[Black "Tyomkin, Dimitri"]
[Result "1-0"]
[WhiteElo "2570"]
[BlackElo "2522"]
[PlyCount "61"]
[GameId "2160767911652897"]
[EventDate "2000.08.03"]
[EventType "tourn"]
[EventRounds "11"]
[EventCountry "CAN"]
[EventCategory "9"]
[SourceTitle "CBM 079"]
[Source "ChessBase"]
[SourceDate "2000.11.21"]
[SourceVersion "1"]
[SourceVersionDate "2000.11.21"]
[SourceQuality "1"]

1. e4 c5 2. c3 b6 3. d4 Bb7 4. f3 e6 5. Be3 Nf6 6. Nd2 Nc6 7. a3 Be7 8. Bd3 a5 9. Ne2 Ba6 10. Bxa6 Rxa6 11. O-O O-O 12. Nf4 cxd4 13. cxd4 a4 14. Qe2 Ra8 15. Rac1 Qb8 16. d5 Na7 17. Nc4 Nc8 18. dxe6 dxe6 19. Nd3 Nd7 20. Nb4 Qb7 21. Bd4 Bc5 22. Rfd1 Bxd4+ 23. Rxd4 Nc5 24. Rcd1 e5 25. Nxe5 Na7 26. Qe3 Rac8 27. Rd6 Rc7 28. Rd8 g6 29. Rxf8+ Kxf8 30. Nec6 Nd7 31. Nd8 1-0

[Event "Montreal int."]
[Site "Montreal CAN"]
[Date "2000.08.10"]
[Round "7"]
[White "Smagin, Sergey"]
[Black "Lazarev, Vladimir"]
[Result "1-0"]
[WhiteElo "2605"]
[BlackElo "2478"]
[PlyCount "85"]
[GameId "2160767911652898"]
[EventDate "2000.08.03"]
[EventType "tourn"]
[EventRounds "11"]
[EventCountry "CAN"]
[EventCategory "9"]
[SourceTitle "CBM 079"]
[Source "ChessBase"]
[SourceDate "2000.11.21"]
[SourceVersion "1"]
[SourceVersionDate "2000.11.21"]
[SourceQuality "1"]

1. e4 c5 2. Nf3 Nc6 3. Bb5 e6 4. O-O Nge7 5. Re1 a6 6. Bf1 d5 7. exd5 Nxd5 8. d4 Nf6 9. Be3 cxd4 10. Nxd4 Bd7 11. Nb3 Qc7 12. c4 Bb4 13. Nc3 O-O 14. Rc1 Na5 15. Nd2 h6 16. a3 Bd6 17. g3 Nc6 18. Na4 Rae8 19. b4 Qb8 20. Nb6 Rd8 21. Qe2 Rfe8 22. Bg2 e5 23. Nxd7 Rxd7 24. Bxc6 bxc6 25. c5 Bf8 26. Qxa6 Re6 27. Qe2 Nd5 28. Nc4 Ra7 29. Qb2 f5 30. Nb6 Nf6 31. Qb3 Rae7 32. b5 Qb7 33. Rcd1 Kh7 34. Rd6 Rxd6 35. cxd6 Re8 36. Qc2 Bxd6 37. bxc6 Qc7 38. Qxf5+ Kh8 39. Nd7 Nxd7 40. cxd7 Rd8 41. Rd1 Bxa3 42. Qe6 Qc2 43. Ra1 1-0

[Event "Montreal int."]
[Site "Montreal CAN"]
[Date "2000.08.11"]
[Round "8"]
[White "Goldenberg, Danny"]
[Black "Smagin, Sergey"]
[Result "0-1"]
[WhiteElo "2310"]
[BlackElo "2605"]
[PlyCount "82"]
[GameId "2160767911652900"]
[EventDate "2000.08.03"]
[EventType "tourn"]
[EventRounds "11"]
[EventCountry "CAN"]
[EventCategory "9"]
[SourceTitle "CBM 079"]
[Source "ChessBase"]
[SourceDate "2000.11.21"]
[SourceVersion "1"]
[SourceVersionDate "2000.11.21"]
[SourceQuality "1"]

1. e4 e5 2. Nf3 Nc6 3. Bc4 Nf6 4. d3 Be7 5. O-O O-O 6. Re1 d6 7. a4 Be6 8. Nbd2 Qd7 9. c3 Rfe8 10. Bb3 Bf8 11. a5 b5 12. axb6 axb6 13. Rxa8 Rxa8 14. Ba4 Qe8 15. d4 Bd7 16. d5 Nb8 17. Bxd7 Nbxd7 18. b4 Qc8 19. Qb3 b5 20. c4 c6 21. dxc6 Qxc6 22. Bb2 bxc4 23. Nxc4 Rb8 24. Nfd2 Nc5 25. Na5 Qa6 26. Qa3 Nd3 27. Nc6 Rb6 28. Qxa6 Rxa6 29. b5 Rb6 30. Re3 Nxb2 31. Rb3 Na4 32. Nc4 Rb7 33. N4a5 Rd7 34. b6 Nxb6 35. Rxb6 Nxe4 36. Rb8 g6 37. f3 Nf6 38. Kf2 Kg7 39. Ke3 Rc7 40. Rd8 h5 41. Kd3 h4 0-1

[Event "Montreal int."]
[Site "Montreal CAN"]
[Date "2000.08.11"]
[Round "8"]
[White "Lazarev, Vladimir"]
[Black "Rozentalis, Eduardas"]
[Result "1/2-1/2"]
[WhiteElo "2478"]
[BlackElo "2570"]
[PlyCount "34"]
[GameId "2160767911652901"]
[EventDate "2000.08.03"]
[EventType "tourn"]
[EventRounds "11"]
[EventCountry "CAN"]
[EventCategory "9"]
[SourceTitle "CBM 079"]
[Source "ChessBase"]
[SourceDate "2000.11.21"]
[SourceVersion "1"]
[SourceVersionDate "2000.11.21"]
[SourceQuality "1"]

1. d4 Nf6 2. c4 e6 3. Nc3 Bb4 4. Qc2 O-O 5. a3 Bxc3+ 6. Qxc3 b6 7. Bg5 Ba6 8. e3 d6 9. Bd3 Nbd7 10. Ne2 Rc8 11. Qc2 h6 12. Bh4 c5 13. Qa4 Bb7 14. O-O cxd4 15. exd4 Qc7 16. Nc3 a6 17. Rac1 Rfe8 1/2-1/2

[Event "Montreal int."]
[Site "Montreal CAN"]
[Date "2000.08.12"]
[Round "9"]
[White "Rozentalis, Eduardas"]
[Black "Goldenberg, Danny"]
[Result "1-0"]
[WhiteElo "2570"]
[BlackElo "2310"]
[PlyCount "79"]
[GameId "2160767911652909"]
[EventDate "2000.08.03"]
[EventType "tourn"]
[EventRounds "11"]
[EventCountry "CAN"]
[EventCategory "9"]
[SourceTitle "CBM 079"]
[Source "ChessBase"]
[SourceDate "2000.11.21"]
[SourceVersion "1"]
[SourceVersionDate "2000.11.21"]
[SourceQuality "1"]

1. e4 c6 2. Nc3 g6 3. d4 Bg7 4. Bc4 d6 5. Qf3 e6 6. Nge2 b5 7. Bd3 a6 8. a4 Bb7 9. axb5 cxb5 10. Qg3 Nf6 11. Bg5 h6 12. Bxf6 Bxf6 13. e5 Bh4 14. Qh3 dxe5 15. dxe5 Nd7 16. O-O-O Bxf2 17. Ne4 Bxe4 18. Bxe4 Rc8 19. Qf3 Qg5+ 20. Nf4 Rc4 21. Rxd7 Kxd7 22. Rd1+ Kc8 23. b3 Rd4 24. Qc3+ Rc4 25. Qf3 Rd4 26. Qxf2 Rxd1+ 27. Kxd1 Qxe5 28. Bd3 Rd8 29. Ne2 Rd7 30. g3 Qd5 31. Kc1 e5 32. Qf6 Rd6 33. Qe7 Rd7 34. Qf8+ Rd8 35. Qb4 f5 36. Nc3 Qd4 37. Qa5 Rd6 38. Bxb5 axb5 39. Nxb5 Rb6 40. Nxd4 1-0

[Event "Montreal int."]
[Site "Montreal CAN"]
[Date "2000.08.13"]
[Round "10"]
[White "Miladinovic, Igor"]
[Black "Tyomkin, Dimitri"]
[Result "1-0"]
[WhiteElo "2563"]
[BlackElo "2522"]
[PlyCount "89"]
[GameId "2160767911652915"]
[EventDate "2000.08.03"]
[EventType "tourn"]
[EventRounds "11"]
[EventCountry "CAN"]
[EventCategory "9"]
[SourceTitle "CBM 079"]
[Source "ChessBase"]
[SourceDate "2000.11.21"]
[SourceVersion "1"]
[SourceVersionDate "2000.11.21"]
[SourceQuality "1"]

1. d4 d5 2. c4 c6 3. Nc3 Nf6 4. Nf3 dxc4 5. a4 Bf5 6. g3 Na6 7. Bg2 Nb4 8. O-O Nc2 9. Ra2 Nb4 10. Ra1 Nc2 11. e4 Nxa1 12. exf5 Nb3 13. Bg5 g6 14. Qe2 Bg7 15. Qxc4 Na5 16. Qa2 Qb6 17. Ne5 Qb3 18. Qxb3 Nxb3 19. Nxc6 Kf8 20. Nxe7 h6 21. Bxf6 Bxf6 22. Ned5 Bxd4 23. fxg6 fxg6 24. Nf4 Kg7 25. Ne6+ Kf6 26. Nxd4 Nxd4 27. Rd1 Ne6 28. Rd7 Rhd8 29. Ne4+ Kf5 30. Nd6+ Kf6 31. Rf7+ Ke5 32. Nc4+ Kd4 33. Na5 Rac8 34. Bxb7 Rc1+ 35. Kg2 Ng5 36. Rf6 Kd3 37. h4 Nh7 38. Rxg6 Rf8 39. Re6 Nf6 40. Ba6+ Kc2 41. Re2+ Kd1 42. Kf1 Ng4 43. Nb3 Nh2+ 44. Kg2 Rc6 45. Bb5 1-0

[Event "Montreal op"]
[Site "Montreal CAN"]
[Date "2000.??.??"]
[Round "1"]
[White "Bachand-Fleurent, Julien"]
[Black "Linskiy, Oleg"]
[Result "0-1"]
[WhiteElo "1990"]
[BlackElo "2463"]
[PlyCount "152"]
[GameId "2160767911652597"]
[EventDate "2000.09.01"]
[EventType "swiss"]
[EventRounds "5"]
[EventCountry "CAN"]
[SourceTitle "EXT 2003"]
[Source "ChessBase"]
[SourceDate "2002.11.25"]
[SourceVersion "1"]
[SourceVersionDate "2002.11.25"]
[SourceQuality "1"]

1. e4 d6 2. d4 Nf6 3. Nc3 g6 4. f3 c6 5. Bc4 Bg7 6. Be3 Nbd7 7. Bb3 b5 8. Qd2 a6 9. a4 Bb7 10. Nge2 Qc7 11. axb5 cxb5 12. O-O O-O 13. Bh6 Nb6 14. Bxg7 Kxg7 15. d5 Rfc8 16. Qd4 Nc4 17. g4 Qc5 18. Bxc4 Qxc4 19. g5 Qxd4+ 20. Nxd4 Nd7 21. f4 Nb6 22. f5 Nc4 23. Nd1 b4 24. Rf2 a5 25. b3 Ne5 26. h3 a4 27. Rxa4 Rxa4 28. bxa4 Rc4 29. f6+ exf6 30. gxf6+ Kf8 31. Nb5 Rxe4 32. Nxd6 Re1+ 33. Rf1 Rxf1+ 34. Kxf1 Bxd5 35. Ne3 Bc6 36. a5 Nd7 37. Ng4 h5 38. Nh6 Nxf6 39. Nhxf7 Ke7 40. a6 Nd7 41. a7 Nb6 42. Ke2 Bd5 43. Ke3 Na8 44. Ne5 Kxd6 45. Nxg6 Kc5 46. Nf4 Bf7 47. Kd3 Nb6 48. Ke3 Kc4 49. Kd2 Kd4 50. Nd3 Ke4 51. Nxb4 h4 52. Ke2 Be6 53. Nd3 Bf5 54. Nf2+ Kf4 55. c4 Kg3 56. c5 Na8 57. Kf1 Kh2 58. Ke2 Kg2 59. Ke3 Bd7 60. Ke2 Bc6 61. Ke3 Bb5 62. Ne4 Kxh3 63. Kf2 Bc6 64. Nd2 Kg4 65. Kg1 Nc7 66. Nc4 Kg3 67. Ne3 Be4 68. Nf1+ Kh3 69. Nd2 Bd5 70. Nf1 Ne6 71. Ne3 Bb7 72. Nc4 Nxc5 73. Nb6 Kg3 74. a8=Q Bxa8 75. Nxa8 h3 76. Nb6 h2+ 0-1

[Event "Montreal op"]
[Site "Montreal CAN"]
[Date "2000.??.??"]
[Round "1"]
[White "Belanger, Jacques"]
[Black "Cloutier, Mario"]
[Result "0-1"]
[WhiteElo "2135"]
[BlackElo "1876"]
[PlyCount "94"]
[GameId "2160767911652598"]
[EventDate "2000.09.01"]
[EventType "swiss"]
[EventRounds "5"]
[EventCountry "CAN"]
[SourceTitle "EXT 2003"]
[Source "ChessBase"]
[SourceDate "2002.11.25"]
[SourceVersion "1"]
[SourceVersionDate "2002.11.25"]
[SourceQuality "1"]

1. e4 e5 2. Nf3 Nc6 3. Bb5 a6 4. Ba4 Nf6 5. O-O Be7 6. Re1 b5 7. Bb3 d6 8. c3 O-O 9. h3 Na5 10. Bc2 c5 11. d4 Qc7 12. Nbd2 cxd4 13. cxd4 Bb7 14. Nf1 Rac8 15. Bb1 Nc6 16. Ne3 g6 17. d5 Nb8 18. a4 Nbd7 19. axb5 axb5 20. Ng4 Ra8 21. Rxa8 Rxa8 22. Bg5 Qd8 23. Bd3 b4 24. Nxf6+ Bxf6 25. Bxf6 Qxf6 26. Qd2 b3 27. Qb4 Nc5 28. Bb5 Rb8 29. Bf1 Qd8 30. Qc3 Qb6 31. Ra1 Nxe4 32. Qe1 Bxd5 33. Nd2 Nc5 34. Nc4 Qc7 35. Qe3 f5 36. Qh6 Ne4 37. Ne3 Bf7 38. Bd3 d5 39. Bxe4 dxe4 40. h4 Qd7 41. Ra6 f4 42. h5 fxe3 43. hxg6 exf2+ 44. Kh2 Bxg6 45. Rxg6+ hxg6 46. Qxg6+ Kh8 47. Qf6+ Qg7 0-1

[Event "Montreal op"]
[Site "Montreal CAN"]
[Date "2000.??.??"]
[Round "1"]
[White "Boulay, David"]
[Black "Loranger, Stephane"]
[Result "1-0"]
[WhiteElo "2032"]
[BlackElo "1843"]
[PlyCount "47"]
[GameId "2160767911652599"]
[EventDate "2000.09.01"]
[EventType "swiss"]
[EventRounds "5"]
[EventCountry "CAN"]
[SourceTitle "EXT 2003"]
[Source "ChessBase"]
[SourceDate "2002.11.25"]
[SourceVersion "1"]
[SourceVersionDate "2002.11.25"]
[SourceQuality "1"]

1. e4 e5 2. Nf3 Nc6 3. d4 exd4 4. Nxd4 Bc5 5. Be3 Qf6 6. c3 Nge7 7. Bc4 Ne5 8. Be2 d5 9. f4 Nc4 10. Bxc4 dxc4 11. Qa4+ Bd7 12. Qxc4 Bb6 13. Nd2 O-O-O 14. O-O g6 15. a4 a6 16. b4 Be6 17. Qe2 h5 18. e5 Qg7 19. Nxe6 Bxe3+ 20. Qxe3 fxe6 21. Ne4 b6 22. a5 Nd5 23. Qe2 b5 24. c4 1-0

[Event "Montreal op"]
[Site "Montreal CAN"]
[Date "2000.??.??"]
[Round "1"]
[White "Cardin, Guillaume"]
[Black "Gottlieb, Jonathan"]
[Result "1-0"]
[WhiteElo "1882"]
[BlackElo "2078"]
[PlyCount "69"]
[GameId "2160767911652600"]
[EventDate "2000.09.01"]
[EventType "swiss"]
[EventRounds "5"]
[EventCountry "CAN"]
[SourceTitle "EXT 2003"]
[Source "ChessBase"]
[SourceDate "2002.11.25"]
[SourceVersion "1"]
[SourceVersionDate "2002.11.25"]
[SourceQuality "1"]

1. e4 c5 2. Nf3 d6 3. d4 cxd4 4. Nxd4 Nf6 5. Nc3 a6 6. Bg5 e6 7. f4 b5 8. e5 dxe5 9. fxe5 Qc7 10. Qe2 Nfd7 11. O-O-O Bb7 12. Qg4 Qb6 13. Be2 h6 14. Bh4 Nxe5 15. Qh3 Nbd7 16. Rhe1 Bc5 17. Nxe6 Be3+ 18. Kb1 fxe6 19. Bh5+ g6 20. Rxe3 gxh5 21. Rxe5 Nxe5 22. Bf6 Ng6 23. Bxh8 Nxh8 24. Qxh5+ Nf7 25. Rf1 Qc7 26. Qg6 O-O-O 27. Qxe6+ Kb8 28. Rxf7 Qc5 29. a3 Qg1+ 30. Ka2 Qxg2 31. Qb6 Rc8 32. Qd6+ Ka8 33. Qd7 Rxc3 34. Rf8+ Ka7 35. Qd4+ 1-0

[Event "Montreal op"]
[Site "Montreal CAN"]
[Date "2000.??.??"]
[Round "1"]
[White "Corriveau, Philippe"]
[Black "Latendresse, Simon"]
[Result "1/2-1/2"]
[WhiteElo "1802"]
[BlackElo "2018"]
[PlyCount "107"]
[GameId "2160767911652601"]
[EventDate "2000.09.01"]
[EventType "swiss"]
[EventRounds "5"]
[EventCountry "CAN"]
[SourceTitle "EXT 2003"]
[Source "ChessBase"]
[SourceDate "2002.11.25"]
[SourceVersion "1"]
[SourceVersionDate "2002.11.25"]
[SourceQuality "1"]

1. e4 c6 2. d4 d5 3. Nc3 dxe4 4. Nxe4 Nd7 5. Nf3 Ngf6 6. Ng3 e6 7. Bd3 c5 8. O-O cxd4 9. Nxd4 Bc5 10. Nb3 Be7 11. Qe2 O-O 12. Bg5 h6 13. Bxf6 Nxf6 14. Rad1 Qc7 15. c3 Re8 16. Bb1 e5 17. Rfe1 Bf8 18. Nh5 Nxh5 19. Qxh5 g6 20. Bxg6 fxg6 21. Qxg6+ Qg7 22. Qe4 Qh7 23. Qh4 Bf5 24. Re3 Re6 25. Qc4 Kh8 26. Rde1 Rae8 27. Nc5 Bxc5 28. Qxc5 b6 29. Qd5 e4 30. Rg3 Rg8 31. Rxg8+ Kxg8 32. Qa8+ Kf7 33. Qxa7+ Kg6 34. Qb8 Qd7 35. Qg3+ Kh7 36. Qe3 Rg6 37. f3 exf3 38. Qxf3 Bg4 39. Qe4 Bf5 40. Qe7+ Qxe7 41. Rxe7+ Rg7 42. Re5 Kg6 43. Re2 Rf7 44. h3 Kg5 45. Kh2 Rf6 46. Kg3 Bb1 47. a4 Bd3 48. Rd2 Bc4 49. Rd4 Bb3 50. Rb4 Bd1 51. Rb5+ Kg6 52. a5 bxa5 53. Rxa5 Rb6 54. Rd5 1/2-1/2

[Event "Montreal op"]
[Site "Montreal CAN"]
[Date "2000.??.??"]
[Round "1"]
[White "Destree, Frederic"]
[Black "Roussel-Roozmon, Thomas"]
[Result "0-1"]
[WhiteElo "1915"]
[BlackElo "2128"]
[PlyCount "78"]
[GameId "2160767911652602"]
[EventDate "2000.09.01"]
[EventType "swiss"]
[EventRounds "5"]
[EventCountry "CAN"]
[SourceTitle "EXT 2003"]
[Source "ChessBase"]
[SourceDate "2002.11.25"]
[SourceVersion "1"]
[SourceVersionDate "2002.11.25"]
[SourceQuality "1"]

1. e4 e5 2. Nf3 Nc6 3. Bb5 a6 4. Ba4 Nf6 5. O-O Nxe4 6. d4 b5 7. Bb3 d5 8. Nxe5 Nxe5 9. dxe5 Be6 10. Nd2 Nxd2 11. Bxd2 Bc5 12. Qe2 Qh4 13. Kh1 O-O 14. c3 Rad8 15. a4 d4 16. Bxe6 fxe6 17. cxd4 Rxd4 18. f3 Rxa4 19. Rxa4 Qxa4 20. Rc1 Qd4 21. Ba5 Bb6 22. Bxb6 Qxb6 23. Qc2 Rd8 24. h3 Rd5 25. Qc3 c5 26. b3 Qd8 27. f4 Rd1+ 28. Kh2 Rxc1 29. Qxc1 Qd4 30. Kg3 c4 31. bxc4 bxc4 32. Kf3 Qd3+ 33. Qe3 Kf7 34. Qxd3 cxd3 35. Ke3 g5 36. fxg5 Kg6 37. h4 Kf5 38. Kxd3 Kxe5 39. g4 Kf4 0-1